1699 1648 1506 1375 1893 1326 1663 1788 1069 1490 1508 1099 1398 1051 1060 1434 1474 1294 1578 1749 1008 1003 1430 1504 1241 1661 1180 1437 1732 1920 1813 1552 1436 1266 1516 1485 1089 1196 1280 1019 1695 1271 1440 1453 1197 1966 1726 1297 1363 1176 1579 1405 1149 1187 1301 1952 1887 1871 1931 1500 1696 1138 1982 1584 2000 1225 1421 1246 1230 1000 1641 1528 1173 1855 1722 1232 1820 1840 1807 1146 1184 1384 1001 1176 1064 1765 1128 1233 1692 1406 1443 1832 1009 1063 1095 1622 1582 1887 1636 BCNSPRNW ULIB Ver.6.0+V

เปลี่ยนเป็นภาษาไทย

Change to English
 แสดงรายละเอียดบรรณานุกรม
  กลับหน้าหลัก

Brief Record : Get Marc (ISO 2709) : E-mail record : QR code < ปิดหน้าต่าง
LEADER : 00000nam 2200000uu 4500
001    13399111724
003     ULIB
008    110627s2551||||th 000 0 tha d
060  4 WY157^bป335ค 2551
100 0  ประไพรัตน์ แก้วศิริ
245 00 ความสัมพันธ์ระหว่างการรับรู้ประโยชน์ การรับรู้อุปสรรคของการส่งเสริมสุขภาพกับพฤติกรรมส่งเสริมสุขภาพของหญิงตั้งครรภ์/^cจิราจันทร์ คณฑา
260    นครพนม :^bวิทยาลัยพยาบาลบรมราชชนนี นครพนม,^c2551
300    88 หน้า
650  7 หญิงตั้งครรภ์^xวิจัย
650  7 พฤติกรรมส่งเสริมสุขภาพ^xวิจัย
945    ^p0^l0^i026513
995    ทศพร
999 ^a ใช้งานได้ทุกระบบ
รายการนี้ยังไม่มีแท็ก
คุณยังไม่ได้ล็อกอิน คุณสามารถมีกิจกรรมร่วมกับเว็บไซต์ได้ แต่ต้องล็อกอินก่อน ::
  ล็อกอิน

รายการสื่อสารสนเทศ

ลำดับที่ ประเภท เลขเรียก/บาร์โค้ด สถานที่ สถานะ
- ไม่พบข้อมูล -

BibComment


ยังไม่เคยถูกคอมเมนท์

คอมเมนท์ทรัพยากรรายการนี้
  คอมเมนท์: ความสัมพันธ์ระหว่..


 Copyright 2026. Bcnsprnw @Library